In house výnimka vo verejnom obstarávaní bakalárska práca

Uložené v:
Podrobná bibliografia
Hlavný autor: Bodnáriková, Rebeka
Korporácia: Ekonomická univerzita v Bratislave. Národohospodárska fakulta, Univerzita Komenského v Bratislave. Právnická fakulta
Ďalší autori: Hodás, Milan
Médium: Kniha
Jazyk:Slovak
Vydavateľské údaje: Bratislava 2018
Tagy: Pridať tag
Žiadne tagy, Buďte prvý, kto otaguje tento záznam!

MARC

LEADER 00000nbm a2200000 4500
001 0245965
005 20181213102638.2
041 0 |a slo 
044 |a SK 
245 1 0 |a In house výnimka vo verejnom obstarávaní  |b bakalárska práca  |c Rebeka Bodnáriková ; školiteľ: Milan Hodás 
264 1 |a Bratislava  |c 2018 
300 |a 45 s. 
100 1 |a Bodnáriková, Rebeka 
700 1 |a Hodás, Milan 
710 2 |a Ekonomická univerzita v Bratislave. Národohospodárska fakulta 
710 2 |a Univerzita Komenského v Bratislave. Právnická fakulta